000
00336nam a2200157Ia 4500
100
_a
Udpa/S.R
650
_a
General
942
_c
BK
654
_a
Quality circles
245
_a
Quality circles In India
260
_b
Tata McGraw Hill
_a
NEW DELHI
_c
1986
082
_a
658.5
_b
Udp
300
_a
216
546
_a
ENGLISH
999
_c
31407
_d
31407